The Simultaneous Man; (Record no. 350579)

000 -LEADER
fixed length control field 00670nam a2200253 4500
001 - CONTROL NUMBER
control field 4141735
003 - CONTROL NUMBER IDENTIFIER
control field OSt
005 - DATE AND TIME OF LATEST TRANSACTION
control field 20180116183021.0
008 - FIXED-LENGTH DATA ELEMENTS--GENERAL INFORMATION
fixed length control field 700320s1970 mau 000 1 eng
010 ## - LIBRARY OF CONGRESS CONTROL NUMBER
LC control number 77103953
020 ## - INTERNATIONAL STANDARD BOOK NUMBER
International Standard Book Number 0
040 ## - CATALOGING SOURCE
Original cataloging agency DLC
Transcribing agency DLC
Modifying agency DLC
050 00 - LIBRARY OF CONGRESS CALL NUMBER
Classification number PZ4.B6574
Item number Si
Classification number PS3552.L84
082 00 - DEWEY DECIMAL CLASSIFICATION NUMBER
Classification number 813.54 BLU 1970
100 1# - MAIN ENTRY--PERSONAL NAME
Personal name Blum, Ralph,
Dates associated with a name 1932-
245 14 - TITLE STATEMENT
Title The Simultaneous Man;
Remainder of title a novel.
250 ## - EDITION STATEMENT
Edition statement [1st ed.]
260 ## - PUBLICATION, DISTRIBUTION, ETC.
Place of publication, distribution, etc. Boston,
Name of publisher, distributor, etc. Little, Brown
Date of publication, distribution, etc. [1970]
300 ## - PHYSICAL DESCRIPTION
Extent 238 p.
Dimensions 22 cm.
Other physical details PB
350 ## - PRICE (NR) (BK AM CF MU VM SE) [OBSOLETE]
Price 5.95
500 ## - GENERAL NOTE
General note "An Atlantic Monthly Press book."
906 ## - LOCAL DATA ELEMENT F, LDF (RLIN)
a 7
b cbc
c orignew
d u
e ncip
f 19
g y-gencatlg
942 ## - ADDED ENTRY ELEMENTS (KOHA)
Source of classification or shelving scheme
Koha item type Book
Holdings
Withdrawn status Lost status Source of classification or shelving scheme Damaged status Not for loan Collection code Permanent Location Current Location Shelving location Date acquired Total Checkouts Full call number Barcode Date last seen Price effective from Koha item type
      Damaged     Central Library (CL) Central Library (CL) General Stacks 11/17/2015   813.54 BLU 1970 NBSD-2150 11/19/2015 11/17/2015 Book
© 2023 Central Library, National University of Sciences and Technology. All Rights Reserved.